00953nam a22001337a 4500008004100000020001500041050001900056245004200075250001200117260005500129300003300184500002000217505058200237190731b xxu||||| |||| 00| 0 eng d a0935890823 aRJ370.E447(3e) aEmergency nursing pediatric course. / a3rd ed. aDes Plaines:bEmergency Nurses Association,c2004. axii, 298 p. :bill ;c28 cm. aIncludes index. aContents: The emergency nursing pediatric course -- Epidemiology -- From the start - Dealing with children -- Initial assessment -- Triaging the pediatric course -- Respiratory distress and failure -- Shock -- Vascular access -- Rhythm disturbances -- Medication administration -- Pediatric trauma -- Pediatric pain assessment and management -- Child maltreatment -- The neonate -- Childhood illness -- Children with special health care needs -- Procedural preparation and sedation -- Poisonings -- Psychiatric emergencies -- Crisis intervention -- Stabilization and transport.